000 00225nam a22000857a 4500
008 160915b xxu||||| |||| 00| 0 eng d
100 _9537
_aMalhotra.S.etal
245 _aMathematics-8
260 _aNew Delhi
_bFrank Publications
_c2012
999 _c3194
_d3194